| 000 | 00656nam a22001817a 4500 | ||
|---|---|---|---|
| 003 | OSt | ||
| 005 | 20260508012704.0 | ||
| 008 | 260505b |||||||| |||| 00| 0 eng d | ||
| 020 | _a971-06-0350-7C | ||
| 040 |
_aDWCL-Main Lib _cOC |
||
| 082 |
_25th ed. _aRes. 808.8 S481 2001 |
||
| 100 | _aSerrano, Josephine B. / Lapid, Milagros G. | ||
| 245 |
_aEnglish communication arts and skills III : _bthrough Anglo-American and Filipino literature [teachers guide] / _cSerrano, Josephine B. |
||
| 260 |
_aQuezon City : _bPhoenix pub., _cc2001. |
||
| 300 |
_axii , 269 p. : _c22 cm. |
||
| 650 | _a World literature. | ||
| 942 |
_2ddc _cBK-0 CIRC _e5th ed. _mRes. _n0 |
||
| 999 |
_c10229 _d10229 |
||